000
00298nam a22001217a 4500
008
170707b xxu||||| |||| 00| 0 eng d
041
_a
ALB
080
_a
82
100
_a
22
101
_a
GJL
245
_a
PROVERBA TE SHQIPRISW TE GJUHVE TE HUAJA NEOLATINE
_c
RAMADANI.R.H
942
_2
udc
_c
BK
999
_c
20047
_d
20047